Zmluvné vzťahy a partnerstvo vzdelávacie kurzy projektu Exceterr

Guardado en:
Detalles Bibliográficos
Autor principal: Kita, Jaroslav
Formato: Libro
Lenguaje:eslovaco
Publicado: Žilina EDIS-vydavateľstvo Žilinskej univerzity 2000
Materias:
Etiquetas: Agregar Etiqueta
Sin Etiquetas, Sea el primero en etiquetar este registro!

MARC

LEADER 00000nam$a2200000$$$4500
001 0034927
005 20221103103838.5
020 |a 80-7100-797-8 
041 0 |a slo 
044 |a SK 
245 1 0 |a Zmluvné vzťahy a partnerstvo  |b vzdelávacie kurzy projektu Exceterr  |c Jaroslav Kita 
264 1 |a Žilina  |b EDIS-vydavateľstvo Žilinskej univerzity  |c 2000 
300 |a 46 s. 
610 2 0 |a správa verejná 
610 2 0 |a decentralizácia 
610 2 0 |a rozvoj regionálny 
610 2 0 |a plánovanie 
610 2 0 |a intervencie 
610 2 0 |a kontrakty 
610 2 0 |a plánovanie regionálne 
610 2 0 |a štát 
610 2 0 |a partnerstvo verejno-súkromné 
610 2 0 |a štúdie prípadové 
610 2 0 |a projekty 
610 2 0 |a vzťahy zmluvné 
610 2 0 |a Francúzsko 
100 1 |a Kita, Jaroslav